MARC

LEADER 00000nam0a2200000 4500
001 154526
005 20231101221755.0
010 |a 9781420051575 
035 |a (RuTPU)RU\TPU\book\167618 
090 |a 154526 
100 |a 20090302d2007 k y0engy50 ba 
101 0 |a eng 
102 |a US 
105 |a a z 001zy 
200 1 |a Molecular Biotechnology. Principles and Practices  |f Channarayappa 
210 |a New York  |c CRC Press  |d 2007 
215 |a 1217 p.  |c il. 
320 |a Библиография в конце глав. 
320 |a Index: p. 1183-1217. 
606 1 |a Молекулярная биотехнология  |2 stltpush  |3 (RuTPU)RU\TPU\subj\80743  |9 88344 
606 1 |a Биотехнология  |2 stltpush  |3 (RuTPU)RU\TPU\subj\28764  |9 52257 
610 1 |a биология 
610 1 |a молекулярная биология 
610 1 |a биотехнология 
610 1 |a генетика 
610 1 |a генетические технологии 
610 1 |a исследование 
610 1 |a английский язык 
675 |a 60  |v 3 
675 |a 60  |v 3 
700 1 |a Channarayappa 
801 1 |a RU  |b 63413507  |c 20090302  |g PSBO 
801 2 |a RU  |b 63413507  |c 20220802  |g PSBO 
942 |c BK